LEADER 01246nam0 22002771i 450 001 UON00071702 005 20231205102353.367 100 $a20020107d1976 |0itac50 ba 101 $aeng 102 $aGB 105 $a||||t ||||| 200 1 $aAfrica guide 1977$e[A comprehensive appraisal of the continent with up-to-date political and economic analysis and essential information]$eIncorporating economic information from: The Economist Intelligence Unit Ltd$fEditor Richard Synge 210 $aSaffron Walden$cAfrica Guide Company$dc1976 215 $a311 p.$cill.$d25 cm 316 $a*Data e prezzo appr.$5IT-UONSI AFRGEN/0202 606 $aAFRICA$xGuide$3UONC021260$2FI 620 $dSaffron Walden$3UONL001885 676 $a916.04$cDESCRIZIONI E VIAGGI DELL'AFRICA$v21 702 1$aSYNGE$bRichard$3UONV046542 712 $aAfrica Guide Company$3UONV257455$4650 801 $aIT$bSOL$c20240220$gRICA 899 $aSIBA - SISTEMA BIBLIOTECARIO DI ATENEO$2UONSI 912 $aUON00071702 950 $aSIBA - SISTEMA BIBLIOTECARIO DI ATENEO$dSI AFR GEN 0202 $eSI AA 2216 7 0202 *Data e prezzo appr. 996 $aAfrica guide 1977$91160613 997 $aUNIOR LEADER 02001nas 2200685- 450 001 9910489950703321 005 20241121213016.0 011 $a2667-3703 035 $a(OCoLC)1287266935 035 $a(CKB)5590000000527535 035 $a(CONSER)--2024231339 035 $a(DE-599)ZDB3161721-9 035 $a(EXLCZ)995590000000527535 100 $a20210728a20219999 s-- - 101 0 $aeng 135 $aur||||||||||| 181 $ctxt$2rdacontent 182 $cc$2rdamedia 183 $acr$2rdacarrier 200 00$aEngineering microbiology 210 1$aAmsterdam :$cElsevier B.V.,$d[2021]- 311 08$a2097-4280 517 1 $aEM 606 $aMicrobiology$vPeriodicals 606 $aMicrobial genetic engineering$vPeriodicals 606 $aGenetic engineering$vPeriodicals 606 $aMedical microbiology$vPeriodicals 606 $aSynthetic biology$vPeriodicals 606 $aMicrobiology 606 $aSynthetic Biology 606 $aCell Engineering 606 $aComputational Biology 606 $aGénie génétique microbien$vPériodiques 606 $aMicrobiologie médicale$vPériodiques 606 $aMicrobiologie 606 $aBiologie synthétique 606 $aBio-informatique 606 $amicrobiology$2aat 608 $aPeriodical 615 0$aMicrobiology 615 0$aMicrobial genetic engineering 615 0$aGenetic engineering 615 0$aMedical microbiology 615 0$aSynthetic biology 615 12$aMicrobiology 615 12$aSynthetic Biology 615 12$aCell Engineering 615 12$aComputational Biology 615 6$aGénie génétique microbien 615 6$aMicrobiologie médicale 615 6$aMicrobiologie. 615 6$aBiologie synthétique. 615 6$aBio-informatique. 615 7$amicrobiology. 676 $a570 712 02$aShandong da xue, 906 $aJOURNAL 912 $a9910489950703321 996 $aEngineering Microbiology$91902885 997 $aUNINA